NRL Premiers of the 21st Century - Statistics

General Stats
  • This quiz has been taken 13 times
  • The average score is 18 of 22
Answer Stats
Year Answer % Correct
2016 Cronulla Sharks
90%
2017 Melbourne Storm
90%
2020 Melbourne Storm
90%
2015 North Queensland Cowboys
90%
2021 Penrith Panthers
90%
2022 Penrith Panthers
90%
2010 St George Illawarra Dragons
90%
2018 Sydney Roosters
90%
2019 Sydney Roosters
90%
2006 Brisbane Broncos
80%
2004 Canterbury-Bankstown Bulldogs
80%
2008 Manly Sea Eagles
80%
2011 Manly Sea Eagles
80%
2009 Melbourne Storm*
80%
2012 Melbourne Storm
80%
2003 Penrith Panthers
80%
2014 South Sydney Rabbitohs
80%
2013 Sydney Roosters
80%
2005 Wests Tigers
80%
2007 Melbourne Storm*
70%
2001 Newcastle Knights
70%
2002 Sydney Roosters
70%
No matching quizzes found
Score Distribution
Percent of People with Each Score
Percentile by Number Answered
Your Score History
You have not taken this quiz